00490nam a2200193Ia 4500008004100000020001800041050001400059100001700073245002600090245005300116260001500169260001600184260000900200300001500209300002700224300001000251440002700261500000800288170918s9999 xx 000 0 und d a9780746057896 bS614 2004 aSims, Lesley 4aThe story of flying / cLesley Sims ; illustrated by Stephen Cartwright. aNew York : bScholastic, c2004 a64 pages : bcolored illustration ; c20cm. aUsborne young reading. a760